| 000 | 01254nam a22003617a 4500 | ||
|---|---|---|---|
| 003 | CHAP | ||
| 005 | 20220329133707.0 | ||
| 008 | 971013s1993 r 00010 d | ||
| 010 | _a9579 | ||
| 011 | _a10551 | ||
| 035 | _a9788 | ||
| 040 | _cCHAP | ||
| 082 |
_a576 _bF4 |
||
| 100 | 0 | 0 |
_aFerrara-Cerrato, Ronald. _940370 |
| 245 | _aManual de agromicrobiología | ||
| 260 |
_aMéxico, D.F. : _bTrillas, _c1993 |
||
| 300 |
_a142 p. _b: ilus |
||
| 590 |
_aBATCH-UPD _b10 _c20130110 _lUCH01 _h1800 |
||
| 590 |
_aBATCH-UPD _b10 _c20130410 _lUCH01 _h1136 |
||
| 590 |
_aBATCH-UPD _b10 _c20130914 _lUCH01 _h1547 |
||
| 590 |
_aCONVERSION _b10 _c20130109 _lUCH01 _h1306 |
||
| 650 | 1 | 4 |
_aMicorriza. _975486 |
| 650 | 1 | 4 |
_aMicrobiología. _975490 |
| 650 | 1 | 4 |
_aMicroorganismos en agricultura. _975527 |
| 650 | 1 | 4 |
_aRhizobium leguminosarum. _997126 |
| 700 | 0 |
_aGonzález Chávez, María del Carmen Angeles. _948790 |
|
| 700 | 0 |
_aRodríguez Mendoza, María de las Nieves. _998695 |
|
| 901 | _aBK | ||
| 942 | _cLIBRO | ||
| 949 |
_a576 F4 _bBC _cLIBRO _d33724000401741 _eLIBRO _fc.3 _h78719 _i9788 _si _t28.00 |
||
| 949 |
_a576 F4 _bBC _cLIBRO _d33724000460721 _eLIBRO _gI.c/e _h86227 _i9788 _si _t28.00 |
||
| 949 |
_a576 F4 _bBC _cLIBRO _d33724000802856 _eLIBRO _fc.2 _h87718 _i9788 _si _t28.00 |
||
| 999 |
_c9579 _d9579 |
||